Jetpunk Official Badges - Statistics

General Stats
  • This quiz has been taken 354 times
    42 since last reset
  • The average score is 18 of 34
Answer Stats
Picture Answer % Correct
Germany
80%
USA
80%
{Country} Trivia
78%
Africa
73%
China
73%
Music
73%
Greece
70%
{U.S. State} Trivia
70%
Island
68%
Language
68%
British
65%
Scientist
65%
Picture
58%
History
55%
Video Games
55%
196
53%
Flag
53%
Multiple Choice {City} Quiz
53%
Puzzle
53%
{Movie} Maven
50%
{General}issimo
45%
{Math} Wizard
45%
Border
43%
Cities
40%
Italy
40%
Random {Geography}
40%
Welcome
40%
France
35%
Spain
35%
World {Capitals}
33%
One Minute
30%
Satellite
28%
Population
18%
Words
18%
No matching quizzes found
Score Distribution
Percent of People with Each Score
Percentile by Number Answered
Your Score History
You have not taken this quiz since the last reset